=LDR 00000nam 2200000 4500 =001 INLIS000000000029239 =005 20201130092331 =035 ##$$a 0010-061300000029239 =008 201130################g##########0#ind## =041 ##$$a ind =082 ##$$a 328.598 =090 ##$$a 328.598, ISN =100 ##$$a Isnaeni, Mohamad =245 1#$$a MPR-DPR Wahana mewujudkan demokrasi pancasila /$c Mohamad Isnaeni =260 ##$$a Jakarta :$b Yayasan Idayu,$c 1982 =300 ##$$a 168 hlm ; $c 20 x 14 cm =650 #4$$a Majelis Permusyawaratan Rakyat =850 ##$$a NBPNMAT =084 ##$$a 328.598 ISN m =504 ##$$a Bibliografi: hal 167 =990 ##$$a 1130/Pro.83 =990 ##$$a 00089399 =990 ##$$a 00090694 =990 ##$$a 3953/pro.85